Opfergang /

Bibliographic Details
Main Author: Unruh, Fritz von, 1885-1970
Format: Book
Language:German
Published: Frankfurt am Main : Frankfurter societats-druckerei, 1925.

MARC

Tag First Indicator Second Indicator Subfields
LEADER 00000cam a2200000 4500
001 in00000709331
005 20151016064431.0
008 780511s1925 gw 00011 ger d
035 |a (OCoLC)03886433 
035 |9 ADD9029AM 
040 |a TLM  |c TLM  |d TXA  |d UtOrBLW 
049 |a TXAM  |c [40768] 
090 |a PT2643.N7  |b O64 1925 
092 |a 833  |b U59o 
100 1 |a Unruh, Fritz von,  |d 1885-1970. 
245 1 0 |a Opfergang /  |c von Fritz von Unruh ... 
264 1 |a Frankfurt am Main :  |b Frankfurter societats-druckerei,  |c 1925. 
300 |a 140 pages 
336 |a text  |b txt  |2 rdacontent 
337 |a unmediated  |b n  |2 rdamedia 
338 |a volume  |b nc  |2 rdacarrier 
999 |a MARS 
999 f f |s d00e91f2-cd26-38a8-9f5e-0d6faca3e57b  |i c56b712d-6f85-3e83-8529-e4abe9a089b4  |t 0 
952 f f |p ric  |a Texas A&M University  |b Rellis Campus  |c Joint Library Facility  |d Remote Storage  |t 0  |e PT2643.N7 O64 1925  |h Library of Congress classification  |i unmediated -- volume  |m A14801358568 
998 f f |a PT2643.N7 O64 1925  |t 0  |l Remote Storage